| 000 | 01117naa a22002897a 4500 | ||
|---|---|---|---|
| 001 | BR8802626 | ||
| 003 | BR-BrBNA | ||
| 005 | 20250721154608.0 | ||
| 007 | ta | ||
| 008 | 250630b bl.|||m| |||| 00| 0 por d | ||
| 040 |
_aBR-BrBNA _bpor _cBiblioteca Nacional de Agricultura |
||
| 041 | _a(Pt) | ||
| 072 |
_aQ04 _b0336 _b3730 _bG514 |
||
| 090 | _aQ04 BR8802626 | ||
| 100 | 1 | _aMarchini, J.S. | |
| 100 | 1 | _aOliveira, E.D. | |
| 111 | 1 |
_a3. Seminario Nacional de Pesquisa de Soja _cCampinas, SP (Brazil) _d20-24 Feb 1984 |
|
| 245 | 1 | _aValor nutritivo de um isolado proteico de soja disponivel no Brasil | |
| 500 | _aAnais do 3. Seminario Nacional de Pesquisa de Soja Londrina, PR (Brasil): 1984. p. 912-920 [Summaries (En, Pt); 17 ref.] (BR8802626-AMS) | ||
| 773 | 0 |
_tAnais do 3. Seminario Nacional de Pesquisa de Soja _wQ04 BR8802626 _gLondrina, PR (Brasil), 1984. p. 912-920 |
|
| 650 | _aSOJA | ||
| 650 | _aPROTEINA | ||
| 650 | _aVALOR NUTRITIVO | ||
| 490 |
_aDocumentos - Centro Nacional de Pesquisa de Soja (Brazil) _vno. 7 _xISSN 0101-5494 |
||
| 942 |
_cAMS _2AGRIS |
||
| 909 |
_a202506 _bLúcia _c55 _dLúcia Elande |
||
| 999 |
_c335915 _d335915 |
||